LEADER 01044nam0-22003611i-450- 001 990003066450403321 005 20150225161709.0 010 $a0-8039-9811-2 035 $a000306645 035 $aFED01000306645 035 $a(Aleph)000306645FED01 035 $a000306645 100 $a20030910d1980----km-y0itay50------ba 101 0 $aeng 102 $aUS 200 1 $aElectoral participation$ea comparative analysis$fEdited by Richard Rose 210 $aBeverly Hills ; London$cSage$d1980 215 $a358 p.$d23 cm 225 1 $aSage Studies in Contemporary Political Sociology 610 0 $aElezioni politiche$apartecipazione popolare$acomparazione 610 0 $aDemocrazie$aconfronto 676 $a324.9$v22$zita 676 $a306.2$v22$zita 702 1$aRose,$bRichard 801 0$aIT$bUNINA$gRICA$2UNIMARC 901 $aBK 912 $a990003066450403321 952 $a19630$b10926$fSES 952 $aA / ROS 6$b2165$fBFS 959 $aSES 959 $aBFS 996 $aElectoral participation$9464783 997 $aUNINA LEADER 00943nam0-2200313---450- 001 990009112030403321 005 20110429125602.0 035 $a000911203 035 $aFED01000911203 035 $a(Aleph)000911203FED01 035 $a000911203 100 $a20091103d1963----km-y0itay50------ba 101 0 $aeng 102 $aUS 105 $aa-------001yy 200 1 $a<>evolution of the human brain$fGerhardt Von Bonin 210 $aChicago$cThe University of Chicago Press$d1963 215 $aXIV, 92 p.$cill.$d23 cm 225 1 $a<>scientist's library$ebiology and medicine$fPeter P. H. DeBruyn 610 0 $abiologia umana 700 1$aBonin,$bGerhardt von$0506264 701 1$aDeBruyn,$bPeter P. H.$0506265 801 0$aIT$bUNINA$gRICA$2UNIMARC 901 $aBK 912 $a990009112030403321 952 $aAUb 2A 8$b11077$fDBEC 959 $aDBEC 996 $aEvolution of the human brain$9781159 997 $aUNINA